[Event "9eme Open International de La Fere"]
[Site "La Fere (FRA)"]
[Date "2010.07.10"]
[Round "9.15"]
[White "Biyidi, Thomas"]
[Black "Lebon, Joffrey"]
[Result "0-1"]
[WhiteElo "1789"]
[BlackElo "2026"]
[PlyCount "98"]
[EventDate "2010.??.??"]

1. c4 e5 2. Nc3 Nc6 3. Nf3 Nf6 4. d3 d6 5. g3 Be7 6. Bg2 O-O 7. O-O h6 8. Bd2
Be6 9. Rc1 Re8 10. a3 a5 11. Ne1 d5 12. b3 Bxa3 13. Rb1 Bf8 14. Nc2 Nb4 15.
cxd5 Nfxd5 16. Ne3 Nxe3 17. Bxe3 Nd5 18. Qc1 c6 19. Na4 Nxe3 20. Qxe3 Bd5 21.
f3 Qf6 22. Nb6 Rad8 23. Kh1 Bb4 24. Qg1 Be6 25. f4 Bc3 26. Nc4 exf4 27. Rxf4
Qg5 28. Qf1 b5 29. Bxc6 Bd5+ 30. Bxd5 Qxd5+ 31. e4 Qxd3 32. Qxd3 Rxd3 33. Na3
Re5 34. Rbf1 f6 35. Rf5 Rxe4 36. Nxb5 Be5 37. R1f3 Rd2 38. Rf2 Rxf2 39. Rxf2
Rb4 40. Na3 Rxb3 41. Nc2 a4 42. Kg2 a3 43. Kh3 Rb2 44. Rd2 Kh7 45. Rd3 a2 46.
Na1 Rb1 47. Nc2 Rc1 48. Na1 Bxa1 49. Ra3 Rc2 0-1

[Event "9eme Open International de La Fere"]
[Site "La Fere (FRA)"]
[Date "2010.07.10"]
[Round "9.16"]
[White "Koechler, Thomas"]
[Black "Waquet, Frederic"]
[Result "1-0"]
[WhiteElo "1299"]
[BlackElo "1976"]
[PlyCount "61"]
[EventDate "2010.??.??"]

1. e4 e6 2. d4 d5 3. e5 c5 4. c3 Nc6 5. Nf3 Qb6 6. Be2 cxd4 7. cxd4 Nh6 8. Bxh6
Qxb2 9. O-O Qxa1 10. Qb3 a5 11. Nc3 a4 12. Qc2 Qxf1+ 13. Bxf1 gxh6 14. Nb5 Kd7
15. h3 Be7 16. Nh2 h5 17. Be2 Ra5 18. Qb2 a3 19. Qb3 f6 20. f4 f5 21. Bxh5 Rg8
22. Bf3 Rg6 23. g4 Nb4 24. Nc3 b6 25. Kh1 Ba6 26. gxf5 Bc4 27. fxe6+ Kd8 28.
Qb1 b5 29. f5 Rg5 30. f6 Bxf6 31. Qxb4 1-0

[Event "9eme Open International de La Fere"]
[Site "La Fere (FRA)"]
[Date "2010.07.10"]
[Round "9.17"]
[White "Timmermans, Eric"]
[Black "Ben Porat, Zeev"]
[Result "0-1"]
[WhiteElo "1825"]
[BlackElo "1956"]
[PlyCount "112"]
[EventDate "2010.??.??"]

1. e4 c5 2. Nc3 Nc6 3. g3 g6 4. Bg2 Bg7 5. d3 e6 6. Nge2 Nge7 7. O-O O-O 8. Be3
d6 9. Qd2 Rb8 10. Bh6 b5 11. Rae1 Bd7 12. Bxg7 Kxg7 13. Nd1 Qa5 14. Qxa5 Nxa5
15. f4 Nac6 16. Ne3 f5 17. c3 Rfe8 18. Nc1 Na5 19. Ne2 b4 20. Rb1 Bc6 21. Rfd1
d5 22. e5 bxc3 23. bxc3 Ba4 24. Rdc1 Nec6 25. d4 Bb5 26. Bf1 Bxe2 27. Bxe2 cxd4
28. cxd4 Rxb1 29. Rxb1 Nxd4 30. Bd3 Re7 31. Kf2 Rb7 32. Rxb7+ Nxb7 33. Nc2 Nxc2
34. Bxc2 Kf7 35. Ke3 Ke7 36. Kd4 h6 37. h4 Na5 38. Bd3 g5 39. fxg5 hxg5 40. h5
Nc6+ 41. Kc5 Nxe5 42. Bf1 Kf6 43. Bb5 Nc4 44. h6 f4 45. gxf4 g4 46. Bd7 g3 47.
h7 Kg7 48. Bxe6 g2 49. h8=Q+ Kxh8 50. Bxd5 g1=Q+ 51. Kxc4 Qc1+ 52. Kb5 Qxf4 53.
a4 Qb8+ 54. Kc5 Qb6+ 55. Kc4 Kg7 56. Kc3 Qa5+ 0-1

[Event "9eme Open International de La Fere"]
[Site "La Fere (FRA)"]
[Date "2010.07.10"]
[Round "9.18"]
[White "Thomas, Olivier"]
[Black "Boudier, Eric"]
[Result "1/2-1/2"]
[WhiteElo "2060"]
[BlackElo "1862"]
[PlyCount "40"]
[EventDate "2010.??.??"]

1. e4 d5 2. exd5 Nf6 3. Bb5+ Bd7 4. Bc4 Bg4 5. f3 Bf5 6. g4 Bc8 7. Nc3 Nbd7 8.
g5 Nb6 9. Bb5+ Nfd7 10. d3 Nxd5 11. Nxd5 c6 12. Bxc6 bxc6 13. Nc3 Qc7 14. f4 e5
15. fxe5 Qxe5+ 16. Qe2 Bc5 17. Qxe5+ Nxe5 18. Bf4 Ng6 19. Bd2 O-O 20. O-O-O Bg4
1/2-1/2

[Event "9eme Open International de La Fere"]
[Site "La Fere (FRA)"]
[Date "2010.07.10"]
[Round "9.19"]
[White "De Brouwere, Johan"]
[Black "Derigny, Philippe"]
[Result "0-1"]
[WhiteElo "1835"]
[BlackElo "1986"]
[PlyCount "98"]
[EventDate "2010.??.??"]

1. d4 Nf6 2. Nf3 c5 3. c3 cxd4 4. cxd4 d6 5. Nc3 Qa5 6. Bd2 Nbd7 7. e3 a6 8.
Rc1 Qd8 9. Qa4 Rb8 10. Bd3 e6 11. O-O Be7 12. Qc2 O-O 13. e4 e5 14. d5 Nc5 15.
Be2 Bg4 16. b4 Ncd7 17. Be3 Rc8 18. Qb1 Bxf3 19. Bxf3 Nb6 20. Be2 Nc4 21. Bxc4
Rxc4 22. f3 Qd7 23. Ne2 Rfc8 24. Rxc4 Rxc4 25. Rc1 Qb5 26. Rxc4 Qxc4 27. Kf2 b5
28. Qb3 Qxb3 29. axb3 Bd8 30. Nc3 Nd7 31. Ke2 g6 32. h3 f5 33. Ba7 f4 34. Bf2
Kf7 35. Kd3 g5 36. Ke2 Kg6 37. Kf1 h5 38. Ke2 Bb6 39. Bxb6 Nxb6 40. Kf2 Nd7 41.
Ke2 Nf6 42. Kf2 g4 43. hxg4 hxg4 44. Nb1 g3+ 45. Kf1 Kf7 46. Na3 Ke7 47. Ke2
Kd7 48. Kd3 Kc7 49. Kc3 Nxe4+ 0-1

[Event "9eme Open International de La Fere"]
[Site "La Fere (FRA)"]
[Date "2010.07.10"]
[Round "9.20"]
[White "Mestdagh, Franck"]
[Black "Van Foreest, Jorden"]
[Result "0-1"]
[WhiteElo "1944"]
[BlackElo "1819"]
[PlyCount "156"]
[EventDate "2010.??.??"]

1. d4 Nf6 2. Nf3 d5 3. g3 Bf5 4. Bg2 e6 5. O-O Bd6 6. c4 O-O 7. Nc3 c6 8. Qb3
Qc7 9. Re1 Nbd7 10. Nd2 Rfe8 11. e4 dxe4 12. Ndxe4 Nxe4 13. Nxe4 Bxe4 14. Bxe4
Nf6 15. Bg2 Rad8 16. Be3 Ng4 17. Bg5 Be7 18. Bf4 Bd6 19. Bxd6 Rxd6 20. d5 cxd5
21. cxd5 e5 22. Rac1 Qd7 23. Rc6 Nf6 24. Rec1 Qe7 25. Rc7 Rd7 26. Qxb7 e4 27.
Qxa7 h6 28. Rxd7 Nxd7 29. Qd4 Qg5 30. Rc7 Nf6 31. d6 Qa5 32. Qd1 Qb4 33. Qb3
Qxb3 34. axb3 Rd8 35. Bxe4 Nxe4 36. d7 Kf8 37. b4 Ke7 38. Rc2 Kxd7 39. f3 Nd6
40. Rd2 Rb8 41. Rd4 Ke6 42. Kf2 Nc8 43. Rd8 Ra8 44. Rg8 Kf6 45. Rd8 g6 46. Rh8
Kg7 47. Rd8 Nb6 48. Rxa8 Nxa8 49. Ke3 Kf6 50. Kd4 Ke7 51. b5 Kd6 52. h4 Nc7 53.
b6 Ne6+ 54. Ke4 f5+ 55. Ke3 Kc6 56. g4 Kxb6 57. gxf5 gxf5 58. Kd3 Kc5 59. Kc3
h5 60. b3 Nd4 61. b4+ Kd5 62. Kd3 Nxf3 63. Ke3 Nxh4 64. Kf4 Kc4 65. Kg5 Ng6 66.
Kxf5 h4 67. Kg4 Kxb4 68. Kh3 Kc4 69. Kg4 Kd4 70. Kh3 Ke5 71. Kg4 Kf6 72. Kh3
Kg5 73. Kg2 Kg4 74. Kh2 h3 75. Kh1 Kg3 76. Kg1 Nf4 77. Kh1 Nd3 78. Kg1 Nf2 0-1

[Event "9eme Open International de La Fere"]
[Site "La Fere (FRA)"]
[Date "2010.??.??"]
[Round "9.21"]
[White "Navel, Jean-Yves"]
[Black "Meunier, Samuel"]
[Result "0-1"]
[WhiteElo "1776"]
[BlackElo "1944"]
[PlyCount "70"]
[EventDate "2010.??.??"]

1. e4 c5 2. Nf3 d6 3. d4 cxd4 4. Nxd4 Nf6 5. Nc3 a6 6. Bg5 e6 7. f4 Be7 8. Qf3
Qc7 9. O-O-O O-O 10. g4 b5 11. Bxf6 Bxf6 12. g5 Be7 13. Rg1 Bd7 14. f5 b4 15.
f6 bxc3 16. fxe7 cxb2+ 17. Kb1 Re8 18. Bd3 Nc6 19. Nxc6 Bxc6 20. h4 d5 21. h5
Qxe7 22. g6 fxg6 23. hxg6 h6 24. e5 Rf8 25. Qg3 Bb5 26. Rdf1 Bxd3 27. Qxd3 a5
28. Rxf8+ Rxf8 29. Qa6 d4 30. Qxa5 Rf5 31. Kxb2 h5 32. Qb5 h4 33. a3 h3 34. Qe2
Rg5 35. Rh1 Qb7+ 0-1

[Event "9eme Open International de La Fere"]
[Site "La Fere (FRA)"]
[Date "2010.??.??"]
[Round "9.22"]
[White "Biniaux, Michael"]
[Black "Rigolot, Lucie"]
[Result "0-1"]
[WhiteElo "1772"]
[BlackElo "1902"]
[PlyCount "58"]
[EventDate "2010.??.??"]

1. d4 d5 2. e3 Nf6 3. Bd3 c5 4. c3 Nc6 5. f4 Bg4 6. Nf3 e6 7. Nbd2 cxd4 8. cxd4
Bd6 9. O-O O-O 10. a3 Rc8 11. Qe1 Bf5 12. e4 dxe4 13. Nxe4 Bxe4 14. Bxe4 Qb6
15. Kh1 Na5 16. Rb1 Nb3 17. Ne5 Nxc1 18. Bxh7+ Nxh7 19. Nd7 Qxd4 20. Nxf8 Nd3
21. Rd1 Rxf8 22. Qg3 Bxf4 23. Qxd3 Qxd3 24. Rxd3 Be5 25. b4 Nf6 26. a4 Rc8 27.
a5 Rc4 28. b5 Rb4 29. b6 axb6 0-1

[Event "9eme Open International de La Fere"]
[Site "La Fere (FRA)"]
[Date "2010.??.??"]
[Round "9.23"]
[White "Swiercz, Sonia"]
[Black "Rouffignac, Tanguy"]
[Result "0-1"]
[WhiteElo "1762"]
[BlackElo "1891"]
[PlyCount "74"]
[EventDate "2010.??.??"]

1. e4 e5 2. Nf3 Nc6 3. Bc4 Bc5 4. Nc3 Nf6 5. d3 d6 6. h3 h6 7. Qe2 Ne7 8. Be3
Ng6 9. d4 Bb4 10. Qd3 O-O 11. Nd2 Kh8 12. O-O-O c6 13. d5 c5 14. g4 a6 15. g5
hxg5 16. h4 g4 17. h5 Nf4 18. Bxf4 exf4 19. a4 Bxc3 20. Qxc3 b5 21. axb5 axb5
22. Bxb5 Ra1+ 23. Nb1 Nxe4 24. Qe1 f5 25. Bd3 Re8 26. h6 f3 27. hxg7+ Kxg7 28.
Bxe4 Qg5+ 29. Qd2 Qxd2+ 30. Kxd2 Rxe4 31. Nc3 Rxd1+ 32. Rxd1 Rd4+ 33. Kc1 Rxd1+
34. Kxd1 Kf6 35. Kd2 Ke5 36. b3 Bb7 37. Ke3 f4+ 0-1

[Event "9eme Open International de La Fere"]
[Site "La Fere (FRA)"]
[Date "2010.??.??"]
[Round "9.24"]
[White "Sivertsen, Aage"]
[Black "Obert, Julien"]
[Result "1/2-1/2"]
[WhiteElo "1876"]
[BlackElo "1816"]
[PlyCount "50"]
[EventDate "2010.??.??"]

1. e4 c5 2. d4 cxd4 3. c3 Nf6 4. e5 Nd5 5. Nf3 e6 6. cxd4 Nc6 7. a3 d6 8. exd6
Bxd6 9. Bc4 Nb6 10. Ba2 O-O 11. Nc3 a6 12. O-O h6 13. Be3 Ne7 14. Rc1 Bd7 15.
Bb1 Bc6 16. Ne4 Rc8 17. Nxd6 Qxd6 18. Ne5 f6 19. Nxc6 Rxc6 20. Rxc6 Qxc6 21.
Qg4 f5 22. Qg3 Kh8 23. Rc1 Qb5 24. Qd6 Nbd5 25. Qxe6 Rf6 1/2-1/2

[Event "9eme Open International de La Fere"]
[Site "La Fere (FRA)"]
[Date "2010.??.??"]
[Round "9.25"]
[White "Dumas, Victor"]
[Black "Lever, Erwan"]
[Result "1-0"]
[WhiteElo "1865"]
[BlackElo "1595"]
[PlyCount "61"]
[EventDate "2010.??.??"]

1. e4 c5 2. d4 cxd4 3. c3 dxc3 4. Nxc3 d6 5. Nf3 Bg4 6. Bc4 Nc6 7. Bxf7+ Kxf7
8. Ng5+ Ke8 9. Qxg4 Nf6 10. Qd1 h6 11. Nf3 g5 12. O-O e5 13. Qb3 Rb8 14. Be3
Qd7 15. Rfd1 Be7 16. Rac1 Nh5 17. Nb5 Nf4 18. Rd2 Nxg2 19. Kxg2 Qg4+ 20. Kf1
Qxf3 21. Nxd6+ Bxd6 22. Rxd6 Nd4 23. Rxd4 exd4 24. Qe6+ Kd8 25. Qd6+ Ke8 26.
Qxb8+ Kf7 27. Qxh8 dxe3 28. Rc7+ Ke6 29. Qe8+ Kd6 30. Qd7+ Ke5 31. Qd5+ 1-0

[Event "9eme Open International de La Fere"]
[Site "La Fere (FRA)"]
[Date "2010.07.10"]
[Round "9.26"]
[White "Gaubert, Virginie"]
[Black "Vandervorst, Marc"]
[Result "0-1"]
[WhiteElo "1674"]
[BlackElo "1865"]
[PlyCount "70"]
[EventDate "2010.??.??"]

1. c4 g6 2. Nc3 Bg7 3. g3 Nf6 4. Bg2 O-O 5. e4 d6 6. Nge2 c6 7. O-O Nbd7 8. b4
d5 9. exd5 cxd5 10. d3 Qc7 11. c5 e6 12. Bb2 b6 13. d4 bxc5 14. dxc5 Rb8 15. a3
a5 16. Qa4 axb4 17. axb4 Nxc5 18. bxc5 Rxb2 19. Qa3 Rb8 20. Nd4 Bd7 21. Rfc1 e5
22. Nb3 Be6 23. Nd2 Ra8 24. Qxa8 Rxa8 25. Rxa8+ Bf8 26. Nd1 Kg7 27. c6 Be7 28.
Nf3 Ne4 29. Nxe5 Qxe5 30. c7 Nd6 31. Ne3 Bg5 32. Re1 Qc3 33. Re2 Bxe3 34. Rxe3
Qc1+ 35. Bf1 Bh3 0-1

[Event "9eme Open International de La Fere"]
[Site "La Fere (FRA)"]
[Date "2010.??.??"]
[Round "9.27"]
[White "Dernoncourt, Christophe"]
[Black "Pytel, Bozena"]
[Result "1-0"]
[WhiteElo "1706"]
[BlackElo "1964"]
[PlyCount "139"]
[EventDate "2010.??.??"]

1. e4 e5 2. Nf3 Nc6 3. Bc4 Bc5 4. c3 Nf6 5. d4 exd4 6. cxd4 Bb4+ 7. Bd2 Bxd2+
8. Nbxd2 d5 9. exd5 Nxd5 10. O-O O-O 11. Re1 Nb6 12. Re4 Nxc4 13. Nxc4 Be6 14.
Ne3 Nb4 15. a3 Nd5 16. Rc1 c6 17. Rh4 Re8 18. Qd3 g6 19. Re1 Kg7 20. g3 Nxe3
21. Qxe3 h5 22. Re4 Qf6 23. Ng5 Bd7 24. Re7 Rxe7 25. Qxe7 Rd8 26. Nxf7 Re8 27.
Qxf6+ Kxf6 28. Rxe8 Bxe8 29. Nd6 Bd7 30. Nxb7 Bg4 31. Nc5 Bf3 32. Nd7+ Kf5 33.
Ne5 Bd5 34. f4 Be4 35. h4 Ke6 36. Kf2 Kd5 37. Ke3 Bf5 38. b4 a6 39. Kd2 Kxd4
40. Nxc6+ Kc4 41. Na5+ Kb5 42. Kc3 Be4 43. Nb3 Bf5 44. Nc5 Bc8 45. a4+ Kc6 46.
Kc4 Kb6 47. Kd5 Bg4 48. Kd6 Bf5 49. Nd7+ Kb7 50. a5 Bc2 51. Nc5+ Ka7 52. Ke7
Bb1 53. Kf6 Bf5 54. Kg5 Bb1 55. g4 hxg4 56. Kxg4 Ba2 57. Kg5 Bb1 58. h5 gxh5
59. Kxh5 Kb8 60. Nxa6+ Kb7 61. Nc5+ Kc6 62. a6 Kb6 63. Kg5 Ba2 64. f5 Bd5 65.
f6 Kb5 66. a7 Kxb4 67. Nd3+ Kb5 68. f7 Bxf7 69. a8=Q Kb6 70. Qc8 1-0

[Event "9eme Open International de La Fere"]
[Site "La Fere (FRA)"]
[Date "2010.07.10"]
[Round "9.28"]
[White "Soveaux, Jean"]
[Black "Bedu, Jean-Pierre"]
[Result "1-0"]
[WhiteElo "1932"]
[BlackElo "1640"]
[PlyCount "52"]
[EventDate "2010.??.??"]

1. e4 c6 2. d4 d5 3. Nc3 dxe4 4. Nxe4 Bf5 5. Ng3 Bg6 6. Nf3 Nd7 7. Bd3 Bxd3 8.
Qxd3 Qc7 9. Be3 e6 10. c3 Ngf6 11. a3 Bd6 12. Ne4 Nxe4 13. Qxe4 Nf6 14. Qc2 Bf4
15. h3 Bxe3 16. fxe3 Qg3+ 17. Qf2 Qxf2+ 18. Kxf2 Ne4+ 19. Ke1 f6 20. g4 O-O-O
21. Nd2 Nxd2 22. Kxd2 e5 23. Kc2 exd4 24. cxd4 Rhe8 25. Rh2 Rxe3 26. Rd1 Re2+
1-0

[Event "9eme Open International de La Fere"]
[Site "La Fere (FRA)"]
[Date "2010.07.10"]
[Round "9.29"]
[White "Lorente, Philippe"]
[Black "Nicolas, Christian"]
[Result "1/2-1/2"]
[WhiteElo "1632"]
[BlackElo "1830"]
[PlyCount "53"]
[EventDate "2010.??.??"]

1. d4 Nf6 2. c4 c5 3. d5 b5 4. e3 g6 5. Nf3 Bg7 6. d6 e6 7. Nc3 b4 8. Nb5 Na6
9. a3 O-O 10. Be2 Qb6 11. O-O bxa3 12. bxa3 Ne4 13. Rb1 Bb7 14. Bb2 Bxb2 15.
Rxb2 Bc6 16. Qc2 f5 17. Nc7 Qa5 18. Nxa8 Rxa8 19. Qd3 Rf8 20. Ne5 Ba4 21. f3
Nc3 22. Rb7 Nb8 23. Rc1 Nxe2+ 24. Qxe2 Qa6 25. Qb2 Qxd6 26. Rxa7 Nc6 27. Nxd7
1/2-1/2

[Event "9eme Open International de La Fere"]
[Site "La Fere (FRA)"]
[Date "2010.07.10"]
[Round "9.30"]
[White "Fauchart, Francois"]
[Black "Parent, Henri"]
[Result "1-0"]
[WhiteElo "1608"]
[BlackElo "1776"]
[PlyCount "69"]
[EventDate "2010.??.??"]

1. d4 Nf6 2. Nf3 d5 3. Bf4 c6 4. Nbd2 Bf5 5. h3 e6 6. e3 Be7 7. Be2 O-O 8. O-O
b6 9. c3 Nbd7 10. g4 Bg6 11. Nh4 Ne4 12. Nxg6 fxg6 13. Nxe4 dxe4 14. Ba6 e5 15.
dxe5 Nc5 16. Qxd8 Raxd8 17. Bc4+ Kh8 18. Rad1 b5 19. Bb3 Nd3 20. Bc2 c5 21. b3
c4 22. a4 a6 23. axb5 axb5 24. bxc4 bxc4 25. Bg3 g5 26. Ba4 Ba3 27. Bb5 Bb2 28.
e6 Ba3 29. Bxc4 Rf3 30. Kg2 Rff8 31. Ra1 Rc8 32. Bxd3 exd3 33. Rxa3 Rfe8 34.
Rd1 Rxe6 35. Rxd3 1-0

[Event "9eme Open International de La Fere"]
[Site "La Fere (FRA)"]
[Date "2010.??.??"]
[Round "9.32"]
[White "Van Poucke, Anthony"]
[Black "Vernadet, Cyril"]
[Result "1-0"]
[WhiteElo "1581"]
[BlackElo "1750"]
[PlyCount "78"]
[EventDate "2010.??.??"]

1. e4 d5 2. exd5 Qxd5 3. Nc3 Qd8 4. d4 e6 5. Bd3 Nf6 6. Nf3 b6 7. Be3 Bb7 8.
O-O Bd6 9. Qd2 Nbd7 10. Bg5 h6 11. Be3 Bxf3 12. gxf3 c6 13. Kh1 Qc7 14. Rg1 g5
15. Ba6 Rd8 16. Ne4 Bxh2 17. Nxf6+ Nxf6 18. Rg2 Bd6 19. Bc4 Rd7 20. Re1 Nh5 21.
d5 e5 22. Rg4 Kd8 23. Qd3 cxd5 24. Bb5 Re7 25. Qxd5 Nf4 26. Bxf4 gxf4 27. Rd1
Re6 28. Qa8+ Qc8 29. Qxa7 Qc7 30. Qa8+ Qc8 31. Qe4 Ke7 32. Bc4 Rg6 33. Rxg6
Qh3+ 34. Kg1 Qh5 35. Rdxd6 fxg6 36. Re6+ Kd8 37. Qa8+ Kc7 38. Qc6+ Kb8 39.
Qxb6+ Kc8 1-0

[Event "9eme Open International de La Fere"]
[Site "La Fere (FRA)"]
[Date "2010.??.??"]
[Round "9.33"]
[White "Tivol, Thierry"]
[Black "Descamps, Serge"]
[Result "1-0"]
[WhiteElo "1740"]
[BlackElo "1587"]
[PlyCount "43"]
[EventDate "2010.??.??"]

1. e4 c6 2. d4 d5 3. e5 Bf5 4. Ne2 Nd7 5. Ng3 Bg6 6. Nd2 e6 7. Nf3 f6 8. Bd3
Bf7 9. O-O a6 10. exf6 Ngxf6 11. Re1 c5 12. c3 Rc8 13. Ng5 Be7 14. Nxe6 Bxe6
15. Rxe6 O-O 16. Nf5 Rf7 17. Qe2 Kf8 18. Bf4 Rc6 19. Rxc6 bxc6 20. Re1 cxd4 21.
Nxe7 Rxe7 22. Bd6 1-0

[Event "9eme Open International de La Fere"]
[Site "La Fere (FRA)"]
[Date "2010.??.??"]
[Round "9.34"]
[White "Roux, Jean-Francois"]
[Black "Brugge, Bruno"]
[Result "0-1"]
[WhiteElo "1588"]
[BlackElo "1730"]
[PlyCount "92"]
[EventDate "2010.??.??"]

1. d4 Nf6 2. c4 g6 3. Nc3 Bg7 4. e4 d6 5. f4 O-O 6. Nf3 c5 7. d5 e6 8. dxe6
fxe6 9. Be2 a6 10. O-O Nc6 11. Rb1 b6 12. e5 dxe5 13. Qxd8 Rxd8 14. fxe5 Ng4
15. Bg5 Rf8 16. Ne4 Ngxe5 17. Nd6 Nf7 18. Nxf7 Rxf7 19. b3 Nd4 20. Rbe1 Bb7 21.
Bd2 e5 22. Ng5 Nxe2+ 23. Rxe2 Rxf1+ 24. Kxf1 Rf8+ 25. Ke1 Re8 26. Ne4 Bxe4 27.
Rxe4 Kf7 28. Ke2 Ke6 29. g4 h6 30. h4 h5 31. Be3 hxg4 32. Rxg4 Kf5 33. Rg5+ Kf6
34. Rg4 Rh8 35. Kf3 Bh6 36. Bxh6 Rxh6 37. Ke4 Rh8 38. Ke3 Rd8 39. Rg2 Rd4 40.
Rf2+ Kg7 41. Rh2 Kh6 42. Kf3 Kh5 43. Kg3 Rd3+ 44. Kg2 Rd2+ 45. Kg3 Rxh2 46.
Kxh2 Kxh4 0-1

[Event "9eme Open International de La Fere"]
[Site "La Fere (FRA)"]
[Date "2010.??.??"]
[Round "9.35"]
[White "Oziol, Joris"]
[Black "Perche, Louis"]
[Result "1/2-1/2"]
[WhiteElo "1730"]
[BlackElo "1545"]
[PlyCount "51"]
[EventDate "2010.??.??"]

1. c4 e5 2. Nc3 Nc6 3. Nf3 f5 4. d3 Nf6 5. g3 Bb4 6. a3 Bxc3+ 7. bxc3 O-O 8.
Bg2 d6 9. O-O Be6 10. Ng5 Bd7 11. f4 Qe7 12. e4 h6 13. Nf3 fxe4 14. dxe4 exf4
15. Bxf4 Qxe4 16. Nd4 Qg6 17. Rb1 Rab8 18. Nb5 Rfc8 19. Bxc6 bxc6 20. Nxa7 Rxb1
21. Qxb1 Qxb1 22. Rxb1 Ra8 23. Rb7 Ne8 24. c5 Bc8 25. Nxc8 Rxc8 26. cxd6
1/2-1/2

[Event "9eme Open International de La Fere"]
[Site "La Fere (FRA)"]
[Date "2010.??.??"]
[Round "9.36"]
[White "Caloone, Thomas"]
[Black "Van Poucke, Philippe"]
[Result "0-1"]
[WhiteElo "1599"]
[BlackElo "1730"]
[PlyCount "72"]
[EventDate "2010.??.??"]

1. e4 e5 2. Nf3 Nc6 3. Bc4 d6 4. d3 Na5 5. Bb5+ c6 6. Ba4 b5 7. Bb3 Nxb3 8.
axb3 Bg4 9. Be3 Be7 10. Nbd2 a6 11. c4 b4 12. Ra4 c5 13. Qa1 a5 14. Qb1 Nf6 15.
O-O O-O 16. Ra1 Bd7 17. h3 Ne8 18. Nh2 f5 19. f3 f4 20. Bf2 Rf6 21. Bh4 Rg6 22.
Bxe7 Qxe7 23. Kh1 Nc7 24. Ra2 Ne6 25. Qa1 Qd8 26. Qd1 Nd4 27. Ra1 h5 28. Rc1
Kf7 29. Qe1 Rh6 30. Rg1 g5 31. g4 hxg4 32. fxg4 Rxh3 33. Qf1 Qh8 34. Rg2 Kg6
35. Kg1 f3 36. Rf2 Ne2+ 0-1

[Event "9eme Open International de La Fere"]
[Site "La Fere (FRA)"]
[Date "2010.??.??"]
[Round "9.38"]
[White "Barbry, Quentin"]
[Black "Eeckhout, Jean-Louis"]
[Result "1/2-1/2"]
[WhiteElo "1565"]
[BlackElo "1713"]
[PlyCount "146"]
[EventDate "2010.??.??"]

1. e4 c5 2. Nf3 d6 3. d4 cxd4 4. Nxd4 Nf6 5. Nc3 a6 6. Bc4 e6 7. O-O Qc7 8. Bb3
Nc6 9. Be3 Bd7 10. Qd2 b5 11. a3 h6 12. Rad1 Ng4 13. h3 Nxe3 14. Qxe3 Na5 15.
Rfe1 Rc8 16. e5 d5 17. Bxd5 Nc4 18. Bxc4 Qxc4 19. Qd3 Bxa3 20. Ndxb5 Bxb5 21.
Nxb5 Qxd3 22. Rxd3 axb5 23. Rxa3 O-O 24. Re2 Rfd8 25. Kh2 Rd7 26. Rb3 Rc5 27.
Rd3 Ra7 28. Rd8+ Kh7 29. Rb8 Ra2 30. b3 Kg6 31. f3 Raxc2 32. Rxc2 Rxc2 33. Rxb5
Kf5 34. Kg3 g5 35. Rb7 Kg6 36. b4 h5 37. Rb8 h4+ 38. Kh2 Kg7 39. Rb5 Kg6 40.
Rc5 Rb2 41. Rc4 Kf5 42. Re4 Rd2 43. Kg1 Rd5 44. Kf2 Rd2+ 45. Re2 Rd5 46. Re4
Rd2+ 47. Re2 Rd4 48. Rb2 Kxe5 49. b5 Rd7 50. b6 Rb7 51. Ke3 f5 52. Rb5+ Kd6 53.
Kd4 Kc6 54. Rb2 Kd6 55. Rb1 e5+ 56. Kd3 Kc5 57. Re1 Kd5 58. Rb1 Kc6 59. Re1
Rd7+ 60. Kc3 Rd5 61. Kc4 Rc5+ 62. Kb4 Kxb6 63. Ra1 Kc6 64. Kb3 Rd5 65. Rc1+ Kd7
66. Rc2 e4 67. fxe4 fxe4 68. Re2 Re5 69. Kc4 Ke6 70. Kd4 Rd5+ 71. Kxe4 Rf5 72.
Ke3 Kf6 73. Rf2 Rxf2 1/2-1/2

[Event "9eme Open International de La Fere"]
[Site "La Fere (FRA)"]
[Date "2010.??.??"]
[Round "9.39"]
[White "Gosset, Hugo"]
[Black "Brelot, Loic"]
[Result "0-1"]
[WhiteElo "1400"]
[BlackElo "1706"]
[PlyCount "60"]
[EventDate "2010.??.??"]

1. e4 c6 2. d4 d5 3. e5 Bf5 4. Nf3 e6 5. Nc3 c5 6. Bb5+ Nc6 7. Be3 Qb6 8. Bxc6+
bxc6 9. Na4 Qa5+ 10. c3 c4 11. O-O Bd3 12. Re1 Ne7 13. Nc5 Bg6 14. h3 Nf5 15.
b4 Qa3 16. Qc1 Qxc1 17. Raxc1 Bxc5 18. bxc5 Nxe3 19. Rxe3 Rb8 20. Ng5 Rb2 21.
Ra1 O-O 22. Ree1 Rfb8 23. Nf3 a5 24. a4 R8b3 25. Rac1 Ra2 26. Red1 Rbb2 27. Ra1
Rxf2 28. Rxa2 Rxa2 29. Rd2 Rxd2 30. Nxd2 Bc2 0-1

[Event "9eme Open International de La Fere"]
[Site "La Fere (FRA)"]
[Date "2010.??.??"]
[Round "9.40"]
[White "Brugge, Rodolphe"]
[Black "Huyet, Yannick"]
[Result "0-1"]
[WhiteElo "1240"]
[BlackElo "1700"]
[PlyCount "70"]
[EventDate "2010.??.??"]

1. e4 e6 2. Nf3 d5 3. exd5 exd5 4. d4 Bd6 5. Nc3 c6 6. Be2 Nf6 7. O-O O-O 8.
Bg5 h6 9. Be3 Qc7 10. Qd2 Ng4 11. h3 Nxe3 12. Qxe3 Bf5 13. Ne5 f6 14. Ng4 Bf4
15. Qf3 Bxc2 16. g3 Bd6 17. Rac1 f5 18. Rxc2 fxg4 19. Qxg4 Qf7 20. Bd3 Na6 21.
Re2 Rad8 22. Bg6 Qd7 23. Qe6+ Qxe6 24. Rxe6 Nc7 25. Re2 Rf6 26. Bh5 g6 27. Bg4
h5 28. Bxh5 gxh5 29. Kh2 h4 30. Rg1 hxg3+ 31. fxg3 Ne6 32. Rd2 Ng5 33. Rgg2
Nf3+ 34. Kh1 Nxd2 35. g4 Rf1+ 0-1

[Event "9eme Open International de La Fere"]
[Site "La Fere (FRA)"]
[Date "2010.??.??"]
[Round "9.41"]
[White "Matschek, Norbert"]
[Black "Caloone, Jules"]
[Result "1-0"]
[WhiteElo "1683"]
[BlackElo "1380"]
[PlyCount "47"]
[EventDate "2010.??.??"]

1. e4 e5 2. Bc4 Bc5 3. Nf3 Nc6 4. c3 Nf6 5. d3 d6 6. O-O Na5 7. b4 Nxc4 8. bxc5
Na5 9. cxd6 Qxd6 10. Ba3 Qb6 11. Nxe5 Qb5 12. f4 Qb6+ 13. Kh1 c5 14. Qa4+ Nd7
15. Nd2 f6 16. Ndc4 Nxc4 17. Nxc4 Qc7 18. e5 Qc6 19. Nd6+ Kf8 20. Qc4 Ke7 21.
Qf7+ Kd8 22. Qxg7 Rf8 23. d4 cxd4 24. e6 1-0

[Event "9eme Open International de La Fere"]
[Site "La Fere (FRA)"]
[Date "2010.??.??"]
[Round "9.42"]
[White "Lucas, Bernard"]
[Black "Devaux, Jean-Marc"]
[Result "1/2-1/2"]
[WhiteElo "1674"]
[BlackElo "1560"]
[PlyCount "114"]
[EventDate "2010.??.??"]

1. e4 e6 2. d4 d5 3. e5 c5 4. c3 Nc6 5. Nf3 Qb6 6. Bd3 Nge7 7. O-O Ng6 8. b3
Bd7 9. Be3 Be7 10. Nbd2 cxd4 11. cxd4 O-O 12. a3 Rac8 13. b4 Nb8 14. Nb3 Ba4
15. Qb1 Rc3 16. Nc5 Bb5 17. Bd2 Bxd3 18. Nxd3 Rcc8 19. Qb2 Qb5 20. Nc5 Bxc5 21.
dxc5 b6 22. a4 Qd7 23. cxb6 axb6 24. Be3 Qb7 25. Rfc1 Ne7 26. Rxc8 Rxc8 27. Rc1
Rxc1+ 28. Qxc1 h6 29. h3 Nf5 30. Bd2 b5 31. a5 Na6 32. Qc3 Kf8 33. g4 Ne7 34.
Be3 Ke8 35. Nd4 Kd7 36. Nb3 Ke8 37. Nc5 Nxc5 38. Qxc5 Qc6 39. Qd6 Qxd6 40. exd6
Nc8 41. a6 Kd7 42. Bc5 f6 43. f4 e5 44. fxe5 fxe5 45. Kf2 g6 46. Ke2 Kc6 47.
Kd3 Kd7 48. h4 Kc6 49. a7 Nxa7 50. Bxa7 Kxd6 51. Bc5+ Ke6 52. Ke3 h5 53. gxh5
gxh5 54. Kf3 Kf5 55. Be7 d4 56. Bg5 e4+ 57. Ke2 Ke5 1/2-1/2

[Event "9eme Open International de La Fere"]
[Site "La Fere (FRA)"]
[Date "2010.??.??"]
[Round "9.43"]
[White "Paillard, Maximilien"]
[Black "Louis, Andre"]
[Result "1-0"]
[WhiteElo "1578"]
[BlackElo "1853"]
[PlyCount "79"]
[EventDate "2010.??.??"]

1. e3 c5 2. d4 cxd4 3. exd4 Nf6 4. Bd3 Nc6 5. c3 d5 6. f4 g6 7. Nf3 Bg7 8. O-O
e6 9. Nbd2 O-O 10. Qe1 Qc7 11. Qh4 Nh5 12. Ne5 Nxe5 13. fxe5 f5 14. Be2 Qd8 15.
Qh3 Qe8 16. Nb3 b6 17. Bxh5 gxh5 18. Rf4 Ba6 19. Rh4 Be2 20. Bf4 Kh8 21. Qe3
Bb5 22. Re1 Qf7 23. Qf3 Be8 24. Nd2 Qe7 25. Qh3 Rg8 26. Nf1 Bf8 27. Ne3 Qf7 28.
Qf3 Be7 29. Rh3 h4 30. c4 Rd8 31. cxd5 exd5 32. Nc2 Qh5 33. e6 Rg4 34. Be5+ Kg8
35. Ne3 Re4 36. Kf2 Bg6 37. Qxh5 Bxh5 38. Nxf5 Rf8 39. Rf3 Bxf3 40. Nh6# 1-0